| 000 | 00533nam a2200157Ia 4500 | ||
|---|---|---|---|
| 008 | 170221s9999 xx 000 0 und d | ||
| 100 | _aAyman Hajjawi. | ||
| 245 | 2 | _aA Scheduling Algorithm Based Self-Learning Technique for Smart Grid Communications over 4G Networks | |
| 245 | _cAyman Hajjawi and Mahamod Ismail. | ||
| 260 | _bJournal of Communications | ||
| 260 | _c2015 | ||
| 300 | _a10 : 11 | ||
| 650 | _xCommunication | ||
| 650 | _xMedia Arts | ||
| 856 | _uhttp://www.jocm.us/index.php?m=content&c=index&a=lists&catid=153 | ||
| 999 |
_c306955 _d306955 |
||